[Event "6MCR_4D_2L_1S"]
[Site "?"]
[Date "2004.??.??"]
[Round "?"]
[White "Pravec, Ladislav"]
[Black "Pecka, Josef"]
[Result "1/2-1/2"]
[WhiteElo "2350"]
[BlackElo "2312"]
[PlyCount "50"]
[EventDate "2004.??.??"]
[EventType "corr"]
[SourceDate "2004.06.03"]

1. d4 d5 2. c4 c6 3. Nf3 Nf6 4. Nc3 dxc4 5. a4 Bf5 6. e3 e6 7. Bxc4 Bb4 8. O-O
Nbd7 9. Qe2 O-O 10. e4 Bg6 11. Bd3 Bh5 12. e5 Nd5 13. Nxd5 exd5 14. Qe3 f6 15.
exf6 Qxf6 16. Ng5 Bg6 17. Nxh7 Kxh7 18. Qh3+ Kg8 19. Bxg6 Qxg6 20. Qxd7 Rf7 21.
Qh3 a5 22. Be3 Raf8 23. Rac1 Bd6 24. Bd2 Rf3 25. Qd7 R3f7 1/2-1/2

[Event "6MCR_4D_2L_1S"]
[Site "?"]
[Date "2004.??.??"]
[Round "?"]
[White "Pravec, Ladislav"]
[Black "Toman, Antonin"]
[Result "1/2-1/2"]
[WhiteElo "2350"]
[BlackElo "2199"]
[PlyCount "96"]
[EventDate "2004.??.??"]
[EventType "corr"]
[SourceDate "2004.06.03"]

1. d4 d5 2. c4 e6 3. Nc3 Nf6 4. Nf3 Be7 5. Bf4 dxc4 6. e4 a6 7. Bxc4 b5 8. Bd3
Bb7 9. a3 c5 10. dxc5 Bxc5 11. O-O Nc6 12. Rc1 Nh5 13. Bg5 Be7 14. Be3 O-O 15.
e5 f5 16. Be2 Qe8 17. Ne1 g6 18. f4 Rd8 19. Qb3 Ng7 20. Nf3 Rd7 21. Rfd1 Na5
22. Qc2 Rxd1+ 23. Nxd1 Qa8 24. Qc7 Nc6 25. Qb6 Rc8 26. Bf2 Nh5 27. Qe3 Na5 28.
Rxc8+ Qxc8 29. Nd4 Nc4 30. Qc1 Bc5 31. Nf3 Bf8 32. Ne1 Qc6 33. Bxh5 gxh5 34.
Qc3 Qd7 35. Ne3 Qd2 36. Qxd2 Nxd2 37. N3c2 Kf7 38. Bd4 Be4 39. Kf2 h4 40. Ke2
Nb3 41. Bf2 Bh6 42. Be3 a5 43. Kd1 Kg6 44. h3 Bf8 45. Bb6 a4 46. Ke2 Kf7 47.
Ke3 Ke8 48. Nd4 b4 1/2-1/2

[Event "6MCR_4D_2L_1S"]
[Site "?"]
[Date "2004.??.??"]
[Round "?"]
[White "Pravec, Ladislav"]
[Black "Zatrapa, Petr"]
[Result "1-0"]
[WhiteElo "2350"]
[BlackElo "2301"]
[PlyCount "83"]
[EventDate "2004.??.??"]
[EventType "corr"]
[SourceDate "2004.06.03"]

1. d4 f5 2. g3 Nf6 3. Bg2 e6 4. c4 Be7 5. Nh3 O-O 6. O-O d6 7. b3 Qe8 8. Bb2 c6
9. Nc3 e5 10. e3 Na6 11. f3 Nc7 12. Qd2 Qh5 13. Nf2 Be6 14. Ne2 Nd7 15. Rad1
Qh6 16. e4 Bg5 17. f4 exf4 18. gxf4 Bh4 19. d5 cxd5 20. cxd5 Bf7 21. Ng3 Bxg3
22. hxg3 fxe4 23. Nxe4 Bxd5 24. Qc3 Nb5 25. Qd3 Nc7 26. Ng5 Bc6 27. Bxc6 bxc6
28. Qxd6 Qxd6 29. Rxd6 Nf6 30. Rc1 h6 31. Bxf6 gxf6 32. Ne4 Ne8 33. Rdxc6 f5
34. Nd2 Rd8 35. Nc4 Nf6 36. Ne5 Ng4 37. Rg6+ Kh8 38. Nxg4 fxg4 39. Rxh6+ Kg7
40. Rh4 Rc8 41. Rxg4+ Kf6 42. Rxc8 1-0

[Event "6MCR_4D_2L_1S"]
[Site "?"]
[Date "2004.??.??"]
[Round "?"]
[White "Toman, Antonin"]
[Black "Brichacek, Milan"]
[Result "1-0"]
[WhiteElo "2200"]
[BlackElo "1960"]
[PlyCount "57"]
[EventDate "2004.??.??"]
[EventType "corr"]
[SourceDate "2004.06.03"]

1. f4 d5 2. Nf3 Bf5 3. g3 e6 4. Bg2 Bc5 5. d4 Bb6 6. c4 Nf6 7. c5 Ba5+ 8. Bd2
Bxd2+ 9. Nbxd2 O-O 10. O-O Nc6 11. Rc1 Ne4 12. e3 Ne7 13. Nxe4 Bxe4 14. Ng5
Bxg2 15. Kxg2 Nf5 16. Qd3 Qf6 17. g4 Nh4+ 18. Kg3 Ng6 19. h4 h6 20. Nf3 Qd8 21.
c6 Rb8 22. cxb7 Rxb7 23. b3 Qd6 24. h5 Ne7 25. Rc5 Ra8 26. Rfc1 a6 27. Ne5 Qb6
28. Qc3 Raa7 29. Qa5 1-0

[Event "6MCR_4D_2L_1S"]
[Site "?"]
[Date "2004.??.??"]
[Round "?"]
[White "Toman, Antonin"]
[Black "Jirku, Jaroslav"]
[Result "1/2-1/2"]
[WhiteElo "2199"]
[BlackElo "2251"]
[PlyCount "92"]
[EventDate "2004.??.??"]
[EventType "corr"]
[SourceDate "2004.06.03"]

1. d4 d5 2. Nf3 Nf6 3. Bf4 c5 4. e3 Nc6 5. c3 Qb6 6. Qb3 c4 7. Qc2 Bf5 8. Qc1
e6 9. Nh4 Be4 10. Nd2 Be7 11. Be2 O-O 12. Nhf3 Bg6 13. h3 Qd8 14. b3 b5 15. a4
a6 16. O-O h6 17. b4 Nd7 18. Bd1 Nb6 19. Ne5 Nxe5 20. Bxe5 a5 21. bxa5 Nxa4 22.
Bxa4 bxa4 23. Rxa4 Bd3 24. Re1 Rxa5 25. Qa1 Rxa4 26. Qxa4 Qb6 27. Qa2 f6 28.
Bg3 Qc6 29. Ra1 Kf7 30. Qa6 Qxa6 31. Rxa6 Rd8 32. Ra7 Ke8 33. Ra6 Kf7 34. Ra7
g5 35. f3 Kf8 36. e4 h5 37. h4 e5 38. Bf2 gxh4 39. exd5 Rxd5 40. Ra4 exd4 41.
Bxd4 Bc5 42. Bxc5+ Rxc5 43. Kh2 Kf7 44. Kh3 Kg6 45. Kxh4 Rg5 46. Kh3 Rc5
1/2-1/2

[Event "6MCR_4D_2L_1S"]
[Site "?"]
[Date "2004.??.??"]
[Round "?"]
[White "Toman, Antonin"]
[Black "Nudcenko, Karel"]
[Result "1/2-1/2"]
[WhiteElo "2200"]
[BlackElo "2200"]
[PlyCount "98"]
[EventDate "2004.??.??"]
[EventType "corr"]
[SourceDate "2004.06.03"]

1. e4 e6 2. d4 d5 3. Nd2 c5 4. exd5 exd5 5. Ngf3 Nc6 6. Bb5 Bd6 7. dxc5 Bxc5 8.
O-O Nge7 9. Nb3 Bd6 10. Re1 O-O 11. Bd3 h6 12. h3 Nf5 13. c3 Qf6 14. Bc2 Rd8
15. Qd3 g6 16. Bd2 a5 17. a4 b6 18. Be3 Ba6 19. Qd2 Nxe3 20. Qxe3 Bf4 21. Qxb6
Bc4 22. Nbd4 Ra6 23. Qc5 Bd6 24. Qxc6 Rxc6 25. Nxc6 Bh2+ 26. Kxh2 Qxc6 27. Kg1
Rb8 28. Nd4 Qc8 29. Reb1 Qc7 30. g3 h5 31. h4 Qc5 32. Kg2 Kg7 33. Kg1 Ba6 34.
Bb3 Rb6 35. Kg2 Bd3 36. Rd1 Bc4 37. Bxc4 Qxc4 38. Rd2 Rxb2 39. Rxb2 Qxc3 40.
Raa2 Qxd4 41. Rd2 Qe4+ 42. f3 Qc4 43. Ra1 Kf6 44. Rad1 Ke6 45. Re1+ Kd6 46. Re4
Qc5 47. Rf4 f5 48. Rfd4 Ke5 49. f4+ Ke6 1/2-1/2

[Event "6MCR_4D_2L_1S"]
[Site "?"]
[Date "2004.??.??"]
[Round "?"]
[White "Toman, Antonin"]
[Black "Pecka, Josef"]
[Result "1/2-1/2"]
[WhiteElo "2199"]
[BlackElo "2312"]
[PlyCount "60"]
[EventDate "2004.??.??"]
[EventType "corr"]
[SourceDate "2004.06.03"]

1. e4 e5 2. Nf3 Nc6 3. Bb5 a6 4. Ba4 Nf6 5. d4 exd4 6. O-O Be7 7. e5 Ne4 8.
Nxd4 O-O 9. Nf5 d5 10. Bxc6 bxc6 11. Nxe7+ Qxe7 12. Re1 Re8 13. f3 Nd6 14. Nc3
Bf5 15. b3 f6 16. f4 Nf7 17. Qd4 fxe5 18. fxe5 Bxc2 19. Bb2 Rad8 20. Rac1 Nxe5
21. Rxe5 Qxe5 22. Qxe5 Rxe5 23. Rxc2 Rde8 24. Rd2 h6 25. g3 g5 26. b4 R5e6 27.
Kf2 Rf8+ 28. Kg2 Rfe8 29. Kf2 Rf8+ 30. Kg2 Rfe8 1/2-1/2

[Event "6MCR_4D_2L_1S"]
[Site "?"]
[Date "2004.??.??"]
[Round "?"]
[White "Toman, Antonin"]
[Black "Pravec, Ladislav"]
[Result "1/2-1/2"]
[WhiteElo "2199"]
[BlackElo "2350"]
[PlyCount "107"]
[EventDate "2004.??.??"]
[EventType "corr"]
[SourceDate "2004.06.03"]

1. e4 c5 2. b3 Nf6 3. e5 Nd5 4. Nf3 Nc6 5. Bb2 e6 6. g3 Nde7 7. Bg2 Nf5 8. Na3
d5 9. O-O Be7 10. c3 O-O 11. d4 cxd4 12. cxd4 Bd7 13. Nc2 Rc8 14. Qd2 Qb6 15.
Rac1 Rc7 16. g4 Nh6 17. Ne3 Rfc8 18. Rc2 Kh8 19. Rfc1 Nb4 20. Rxc7 Rxc7 21.
Rxc7 Qxc7 22. a3 Nc6 23. Bf1 Qd8 24. b4 a6 25. h3 f6 26. exf6 Bxf6 27. Ne5 Qe8
28. f4 Nf7 29. Bd3 Bd8 30. Kg2 Bb6 31. Nc2 Nd6 32. Qe2 Kg8 33. Nxd7 Qxd7 34. a4
Ne7 35. Bc1 Ba7 36. h4 b5 37. axb5 axb5 38. Na3 Nc4 39. f5 Nxa3 40. Bxa3 exf5
41. gxf5 Kf8 42. Bxb5 Qc7 43. Qf2 Bb8 44. Kg1 Qc3 45. f6 Ng6 46. Bb2 Qxb4 47.
h5 Nf4 48. Qe3 Kf7 49. Qe8+ Kxf6 50. Qxb8 Qe1+ 51. Bf1 Qe3+ 52. Kh1 Qf3+ 53.
Kg1 Qe3+ 54. Kh1 1/2-1/2

[Event "6MCR_4D_2L_1S"]
[Site "?"]
[Date "2004.??.??"]
[Round "?"]
[White "Toman, Antonin"]
[Black "Zatrapa, Petr"]
[Result "1/2-1/2"]
[WhiteElo "2199"]
[BlackElo "2301"]
[PlyCount "98"]
[EventDate "2004.??.??"]
[EventType "corr"]
[SourceDate "2004.06.03"]

1. e4 e5 2. Nf3 Nc6 3. Bb5 a6 4. Ba4 Nf6 5. d4 exd4 6. O-O Be7 7. Re1 b5 8. Bb3
d6 9. Bd5 Nxd5 10. exd5 Ne5 11. Nxd4 O-O 12. a3 Bg4 13. f3 Bd7 14. Nc3 Re8 15.
b3 Bh4 16. Re2 Qf6 17. Re4 c5 18. dxc6 Bxc6 19. Rf4 Qd8 20. Ne4 Bxe4 21. Rxe4
Bf6 22. Bb2 d5 23. Re1 Qb6 24. Qd2 Nc6 25. c3 h6 26. Kf1 Be5 27. g3 Bxd4 28.
cxd4 b4 29. axb4 Nxb4 30. Rxe8+ Rxe8 31. Kg1 Nc6 32. Qd3 a5 33. Rb1 Rb8 34. Bc3
a4 35. b4 a3 36. Ra1 Nxb4 37. Qd2 Qa5 38. Rb1 a2 39. Ra1 Qa3 40. Kg2 Qa4 41.
Bxb4 Rxb4 42. Qxa2 Qxa2+ 43. Rxa2 Rxd4 44. Kf2 Kh7 45. h4 Rb4 46. Ra5 d4 47.
Ke2 Kg6 48. Kd3 Rb3+ 49. Ke2 f5 1/2-1/2

[Event "6MCR_4D_2L_1S"]
[Site "?"]
[Date "2004.??.??"]
[Round "?"]
[White "Zatrapa, Petr"]
[Black "Brichacek, Milan"]
[Result "1-0"]
[WhiteElo "2300"]
[BlackElo "1960"]
[PlyCount "71"]
[EventDate "2004.??.??"]
[EventType "corr"]
[SourceDate "2004.06.03"]

1. e4 e6 2. d4 d5 3. Nc3 dxe4 4. Nxe4 Nd7 5. Nf3 Ngf6 6. Bg5 h6 7. Nxf6+ Nxf6
8. Be3 c6 9. Bd3 Bd6 10. O-O Qc7 11. c4 Ng4 12. h3 Nxe3 13. fxe3 c5 14. Bc2 Bd7
15. Qd3 cxd4 16. exd4 Bc6 17. Rae1 O-O-O 18. Qc3 Kb8 19. Be4 Bg3 20. Re2 Bxe4
21. Rxe4 Rhe8 22. b4 g5 23. b5 f5 24. Re2 g4 25. hxg4 fxg4 26. Ne5 Bxe5 27.
Rxe5 g3 28. Re4 h5 29. a4 h4 30. Rxh4 Ka8 31. Rf3 e5 32. d5 Qe7 33. Rg4 Rh8 34.
Rfxg3 Qc5+ 35. Qe3 Qb6 36. Qxb6 1-0

[Event "6MCR_4D_2L_1S"]
[Site "?"]
[Date "2004.??.??"]
[Round "?"]
[White "Zatrapa, Petr"]
[Black "Jirku, Jaroslav"]
[Result "0-1"]
[WhiteElo "2301"]
[BlackElo "2251"]
[PlyCount "54"]
[EventDate "2004.??.??"]
[EventType "corr"]
[SourceDate "2004.06.03"]

1. e4 e5 2. f4 exf4 3. Bc4 Nf6 4. Nc3 c6 5. d4 Bb4 6. e5 Ne4 7. Kf1 Nxc3 8.
bxc3 Bxc3 9. Rb1 d5 10. exd6 Qxd6 11. Rb3 b5 12. Qe2+ Kd8 13. Rxc3 bxc4 14. Ba3
Qf6 15. Qh5 Bf5 16. Nf3 Nd7 17. Kf2 Re8 18. Rb1 h6 19. Kg1 Re4 20. Rxc4 Qe6 21.
Rxc6 Qxc6 22. Qxf5 Qxc2 23. Rf1 Re2 24. Qd5 Qe4 25. Qxf7 Rc8 26. Bc5 Rb8 27.
Kh1 Rbb2 0-1

[Event "6MCR_4D_2L_1S"]
[Site "?"]
[Date "2004.??.??"]
[Round "?"]
[White "Zatrapa, Petr"]
[Black "Nudcenko, Karel"]
[Result "1-0"]
[WhiteElo "2301"]
[BlackElo "2200"]
[PlyCount "99"]
[EventDate "2004.??.??"]
[EventType "corr"]
[SourceDate "2004.06.03"]

1. e4 e6 2. d4 d5 3. Nc3 Bb4 4. e5 c5 5. a3 Bxc3+ 6. bxc3 Ne7 7. Qg4 Qc7 8.
Qxg7 Rg8 9. Qxh7 cxd4 10. Ne2 Nbc6 11. f4 Bd7 12. Qd3 dxc3 13. Nxc3 a6 14. Ne2
Nf5 15. h3 Na5 16. g4 Bb5 17. Qc3 Qxc3+ 18. Nxc3 Bxf1 19. Rxf1 Nd4 20. Ra2 Rc8
21. Ne2 Rxc2 22. Rxc2 Nxc2+ 23. Kd1 Na1 24. Rf3 N1b3 25. Rc3 Kd7 26. Be3 b5 27.
Kc2 Rh8 28. Bf2 Na1+ 29. Kd1 Nc4 30. h4 a5 31. Rh3 a4 32. h5 Nb3 33. Nd4 Nxd4
34. Bxd4 Ke8 35. Bc5 Kd7 36. Ke2 Kc6 37. Bb4 d4 38. Kd3 Kd5 39. Rh2 Rh7 40. Bd6
Ne3 41. g5 Ng2 42. Rxg2 Rxh5 43. Rg3 Rh1 44. f5 exf5 45. Rf3 b4 46. Bxb4 Kxe5
47. Bd2 Rg1 48. Bf4+ Kd5 49. Bg3 Ke6 50. Kxd4 1-0

[Event "6MCR_4D_2L_1S"]
[Site "?"]
[Date "2004.??.??"]
[Round "?"]
[White "Zatrapa, Petr"]
[Black "Pecka, Josef"]
[Result "1-0"]
[WhiteElo "2301"]
[BlackElo "2312"]
[PlyCount "73"]
[EventDate "2004.??.??"]
[EventType "corr"]
[SourceDate "2004.06.03"]

1. e4 e6 2. d4 d5 3. Nc3 Bb4 4. e5 c5 5. a3 Ba5 6. b4 cxd4 7. Qg4 Ne7 8. bxa5
dxc3 9. Qxg7 Rg8 10. Qxh7 Nbc6 11. f4 Qxa5 12. Nf3 Bd7 13. Rb1 O-O-O 14. Qd3 d4
15. g3 Nf5 16. Bg2 Qc7 17. O-O Nce7 18. Ng5 Bc6 19. Nxf7 Bxg2 20. Kxg2 Qc6+ 21.
Kg1 Rd7 22. Ng5 Nd5 23. Qb5 Qxb5 24. Rxb5 Rg6 25. Rc5+ Kb8 26. Rd1 b6 27. Rc4
b5 28. Rc5 Nde3 29. Bxe3 Nxe3 30. Rxb5+ Kc7 31. Rdb1 Kc6 32. Ne4 Rc7 33. Rc5+
Kd7 34. Nf6+ Kc8 35. Rcb5 Kd8 36. Rb8+ Ke7 37. R1b7 1-0

[Event "6MCR_4D_2L_1S"]
[Site "?"]
[Date "2004.??.??"]
[Round "?"]
[White "Zatrapa, Petr"]
[Black "Pravec, Ladislav"]
[Result "1-0"]
[WhiteElo "2301"]
[BlackElo "2350"]
[PlyCount "73"]
[EventDate "2004.??.??"]
[EventType "corr"]
[SourceDate "2004.06.03"]

1. e4 c5 2. Nf3 Nc6 3. d4 cxd4 4. Nxd4 Nf6 5. Nc3 d6 6. Bg5 Qb6 7. Nb3 e6 8.
Bd3 Be7 9. O-O O-O 10. Be3 Qc7 11. f4 b6 12. a3 a6 13. g4 Nd7 14. g5 Nc5 15.
Nxc5 bxc5 16. Qg4 c4 17. Bxc4 Rb8 18. Bd3 Rxb2 19. Ne2 Rd8 20. Rf3 d5 21. e5 g6
22. Rh3 Qa5 23. Ng3 Bc5 24. Bxc5 Qxc5+ 25. Kh1 Bb7 26. Qh4 h5 27. Nxh5 gxh5 28.
g6 d4 29. Rg3 f5 30. exf6 Rxc2 31. Kg1 Rc1+ 32. Rxc1 Qxc1+ 33. Kg2 Ne7+ 34. Kh3
Nd5 35. Qg5 Qd2 36. f7+ Kg7 37. Qe5+ 1-0

[Event "6MCR_4D_2L_1S"]
[Site "?"]
[Date "2004.??.??"]
[Round "?"]
[White "Zatrapa, Petr"]
[Black "Toman, Antonin"]
[Result "1/2-1/2"]
[WhiteElo "2301"]
[BlackElo "2199"]
[PlyCount "77"]
[EventDate "2004.??.??"]
[EventType "corr"]
[SourceDate "2004.06.03"]

1. e4 c5 2. Nf3 a6 3. c3 d6 4. d4 Nd7 5. Bd3 b5 6. O-O Bb7 7. Re1 c4 8. Bc2 e5
9. a4 Ngf6 10. axb5 axb5 11. Rxa8 Qxa8 12. Na3 Ba6 13. b3 Be7 14. bxc4 bxc4 15.
Nh4 O-O 16. Nf5 Re8 17. Ba4 Bf8 18. d5 Qb7 19. Be3 Rb8 20. Bc6 Qb3 21. Qa1 Qb2
22. f3 Rb3 23. Qxb2 Rxb2 24. Ra1 g6 25. Ng3 Nc5 26. Bxc5 dxc5 27. Nf1 Bh6 28.
Ba4 Kf8 29. Nc2 Ne8 30. Bxe8 Rxc2 31. Bc6 Rxc3 32. Rxa6 Rc1 33. g3 c3 34. Ra2
c2 35. Kg2 Ke7 36. Ba4 Rxf1 37. Bxc2 Rc1 38. Ra7+ Kf8 39. Ba4 1/2-1/2

[Event "6MCR_4D_2L_2S"]
[Site "?"]
[Date "2004.??.??"]
[Round "?"]
[White "Binas, Jindrich"]
[Black "Bultman, Milan"]
[Result "1/2-1/2"]
[WhiteElo "2175"]
[BlackElo "2141"]
[PlyCount "87"]
[EventDate "2004.??.??"]
[EventType "corr"]
[SourceDate "2004.06.03"]

1. e4 c5 2. Nf3 d6 3. d4 cxd4 4. Nxd4 Nf6 5. Nc3 Nc6 6. Bg5 Bd7 7. Be2 Qa5 8.
Bxf6 gxf6 9. Nb3 Qg5 10. Nd5 Rc8 11. O-O Rg8 12. g3 Bg7 13. c3 f5 14. f4 Qg6
15. Bh5 Qh6 16. exf5 Bxf5 17. Re1 Kf8 18. Ne3 Bh3 19. Qf3 Bh8 20. Kh1 Bd7 21.
g4 Qg7 22. g5 h6 23. g6 fxg6 24. Bg4 Bxg4 25. Qxg4 Rb8 26. Rad1 Qf7 27. Nd5 Bf6
28. Rd3 h5 29. Qh3 Rh8 30. Nd2 Bd4 31. Nxe7 Nxe7 32. Rxd4 Nf5 33. Qd3 Nxd4 34.
Qxd4 Kg8 35. Ne4 Rf8 36. Ng5 Qf6 37. Qd5+ Kg7 38. Ne6+ Kh6 39. Qg5+ Qxg5 40.
fxg5+ Kh7 41. Nxf8+ Rxf8 42. Re7+ Kg8 43. Rxb7 a5 44. a4 1/2-1/2

[Event "6MCR_4D_2L_2S"]
[Site "?"]
[Date "2004.??.??"]
[Round "?"]
[White "Binas, Jindrich"]
[Black "Hrdy, Roman"]
[Result "0-1"]
[WhiteElo "2175"]
[BlackElo "2224"]
[PlyCount "52"]
[EventDate "2004.??.??"]
[EventType "corr"]
[SourceDate "2004.06.03"]

1. e4 c5 2. Nf3 d6 3. d4 cxd4 4. Nxd4 Nf6 5. Nc3 a6 6. Bg5 e6 7. f4 Qb6 8. Qd2
Qxb2 9. Rb1 Qa3 10. Be2 Be7 11. O-O h6 12. Bh4 Nbd7 13. Rf3 Qa5 14. Bf2 Qc7 15.
Rg3 g5 16. fxg5 hxg5 17. Rxg5 b5 18. Bf3 Bb7 19. Rg3 Rc8 20. Nde2 Ne5 21. a4 d5
22. axb5 dxe4 23. bxa6 Bc6 24. Bxe4 Bxe4 25. a7 Nc4 26. Qe1 Ba8 0-1

[Event "6MCR_4D_2L_2S"]
[Site "?"]
[Date "2004.??.??"]
[Round "?"]
[White "Binas, Jindrich"]
[Black "Mateka, Petr"]
[Result "0-1"]
[WhiteElo "2175"]
[BlackElo "1899"]
[PlyCount "80"]
[EventDate "2004.??.??"]
[EventType "corr"]
[SourceDate "2004.06.03"]

1. e4 e5 2. Nf3 Nc6 3. Bc4 Bc5 4. b4 Bxb4 5. c3 Ba5 6. d4 exd4 7. O-O dxc3 8.
Qb3 Qf6 9. e5 Qf5 10. Nxc3 Nge7 11. Ne2 Nxe5 12. Nxe5 Qxe5 13. Bb2 Qf5 14. Bxg7
Rg8 15. Ng3 Qg6 16. Bd4 c6 17. Qe3 d6 18. Bd3 f5 19. Rae1 Bxe1 20. Rxe1 Qf7 21.
Nxf5 Bxf5 22. Bxf5 Rg6 23. Bc3 b6 24. Bxg6 hxg6 25. Qh3 Kd8 26. Qh8+ Ng8 27.
Re3 c5 28. h4 Kc7 29. Rf3 Qxa2 30. Qg7+ Kc6 31. Qxg6 Qc4 32. Be5 Rd8 33. Rd3
Qc1+ 34. Kh2 Qh6 35. Qg4 Kc7 36. Bf4 Qh7 37. Qg3 Kc6 38. Bg5 Rd7 39. Ra3 Ne7
40. Qg4 Nc8 0-1

[Event "6MCR_4D_2L_2S"]
[Site "?"]
[Date "2004.??.??"]
[Round "?"]
[White "Binas, Jindrich"]
[Black "Nedoma, Petr"]
[Result "1/2-1/2"]
[WhiteElo "2175"]
[BlackElo "2269"]
[PlyCount "80"]
[EventDate "2004.??.??"]
[EventType "corr"]
[SourceDate "2004.06.03"]

1. e4 e5 2. Nf3 d6 3. d4 exd4 4. Nxd4 a6 5. Nc3 Nf6 6. Be2 Be7 7. O-O O-O 8.
Be3 Re8 9. f4 d5 10. e5 c5 11. Bf3 cxd4 12. exf6 dxc3 13. fxe7 Qxe7 14. Bd4
cxb2 15. Bxb2 Nc6 16. Qxd5 Be6 17. Qd3 Qc5+ 18. Rf2 Bxa2 19. Qc3 Qxc3 20. Bxc3
Bc4 21. Rd2 Bb5 22. Kf2 Rac8 23. Re1 Red8 24. Rxd8+ Nxd8 25. Re3 h6 26. Bd5 Rc5
27. Bb3 Ne6 28. Bxe6 fxe6 29. Rg3 g5 30. fxg5 hxg5 31. Bd2 Rf5+ 32. Rf3 Re5 33.
Re3 Rd5 34. Ke1 Rf5 35. Rf3 g4 36. Rxf5 exf5 37. Kf2 Kg7 38. h4 gxh3 39. gxh3
Kg6 40. h4 Kh5 1/2-1/2

[Event "6MCR_4D_2L_2S"]
[Site "?"]
[Date "2004.??.??"]
[Round "?"]
[White "Binas, Jindrich"]
[Black "Pytlik, Lesek"]
[Result "1/2-1/2"]
[WhiteElo "2175"]
[BlackElo "2348"]
[PlyCount "91"]
[EventDate "2004.??.??"]
[EventType "corr"]
[SourceDate "2004.06.03"]

1. e4 e6 2. d4 d5 3. Nc3 Nf6 4. Bg5 dxe4 5. Nxe4 Be7 6. Bxf6 Bxf6 7. Nf3 O-O 8.
Bc4 Nc6 9. c3 e5 10. d5 Ne7 11. Nxf6+ gxf6 12. Qd2 Qd6 13. O-O-O c6 14. dxc6
Qxc6 15. Bb3 Be6 16. Qd6 Bxb3 17. axb3 Rfe8 18. Qxc6 Nxc6 19. Rd7 b6 20. Nh4
Rad8 21. Rhd1 Rxd7 22. Rxd7 Re7 23. Rd3 Re8 24. Nf5 Ne7 25. Ng3 Ra8 26. Rf3 Rd8
27. Rxf6 Nd5 28. Rf5 f6 29. Ne4 Kg7 30. g3 Kg6 31. g4 Rf8 32. h4 Ne7 33. Rf3 f5
34. Nd6 f4 35. Rd3 h5 36. g5 Rd8 37. Kc2 e4 38. Rd4 Nc6 39. Rd1 Ne7 40. Nf5 Re8
41. Nxe7+ Rxe7 42. Kd2 Kf5 43. Ke2 a5 44. Rd6 Kg4 45. Rxb6 Kxh4 46. Rb5 1/2-1/2

[Event "6MCR_4D_2L_2S"]
[Site "?"]
[Date "2004.??.??"]
[Round "?"]
[White "Binas, Jindrich"]
[Black "Ryska, Jiri"]
[Result "1/2-1/2"]
[WhiteElo "2175"]
[BlackElo "2095"]
[PlyCount "57"]
[EventDate "2004.??.??"]
[EventType "corr"]
[SourceDate "2004.06.03"]

1. e4 e5 2. Nf3 Nc6 3. Bb5 a6 4. Ba4 Nf6 5. O-O Be7 6. Re1 b5 7. Bb3 d6 8. c3
O-O 9. h3 Nb8 10. d4 Nbd7 11. Nbd2 Bb7 12. Bc2 Re8 13. a4 c5 14. d5 c4 15. Nf1
Bf8 16. Ng3 g6 17. b4 cxb3 18. Bxb3 Qc7 19. Bd2 Nc5 20. Bc2 Bg7 21. a5 Reb8 22.
Qb1 Bc8 23. Qb4 Bd7 24. Be3 Rc8 25. Ra3 Rab8 26. Raa1 h6 27. Ra3 Ne8 28. Nd2
Qd8 29. Rb1 1/2-1/2

[Event "6MCR_4D_2L_2S"]
[Site "?"]
[Date "2004.??.??"]
[Round "?"]
[White "Bultman, Milan"]
[Black "Binas, Jindrich"]
[Result "1/2-1/2"]
[WhiteElo "2141"]
[BlackElo "2175"]
[PlyCount "78"]
[EventDate "2004.??.??"]
[EventType "corr"]
[SourceDate "2004.06.03"]

1. d4 Nf6 2. c4 g6 3. Nc3 d5 4. cxd5 Nxd5 5. e4 Nxc3 6. bxc3 Bg7 7. Ba3 b6 8.
Nf3 c5 9. Bc4 Nc6 10. O-O O-O 11. dxc5 Qc7 12. Nd4 Bb7 13. Bd5 Nxd4 14. cxd4
Bxd5 15. exd5 Rfd8 16. d6 exd6 17. cxd6 Qc3 18. Qa4 b5 19. Qb3 Qxb3 20. axb3 a5
21. Bc5 Bf8 22. Rfc1 Bxd6 23. Bb6 Rdc8 24. Rxc8+ Rxc8 25. Bxa5 b4 26. Kf1 Rc3
27. Rb1 f5 28. Bd8 Kf7 29. Bg5 f4 30. Ke2 Ke6 31. Rb2 Kd5 32. Bh6 Ke4 33. h3
f3+ 34. gxf3+ Rxf3 35. h4 Bf4 36. Bf8 Rh3 37. Bxb4 Be3 38. Bd2 Bxd4 39. Rb1
Rxh4 1/2-1/2

[Event "6MCR_4D_2L_2S"]
[Site "?"]
[Date "2004.??.??"]
[Round "?"]
[White "Bultman, Milan"]
[Black "Hrdy, Roman"]
[Result "0-1"]
[WhiteElo "2141"]
[BlackElo "2224"]
[PlyCount "106"]
[EventDate "2004.??.??"]
[EventType "corr"]
[SourceDate "2004.06.03"]

1. d4 f5 2. g3 Nf6 3. Bg2 e6 4. c4 d5 5. Nf3 c6 6. O-O Bd6 7. b3 Qe7 8. Bf4
Bxf4 9. gxf4 O-O 10. Ne5 Nbd7 11. e3 Kh8 12. a3 Ne4 13. Qh5 Rf6 14. Qh4 Qe8 15.
f3 Rh6 16. Qe1 Nd6 17. Qb4 Nxe5 18. fxe5 Nf7 19. f4 g5 20. Nd2 Rg6 21. c5 Qd8
22. Rac1 g4 23. Rfe1 h5 24. Re2 h4 25. Bh1 Qc7 26. Qa4 Rg7 27. Rg2 h3 28. Rg3
Nd8 29. b4 b5 30. cxb6 Qxb6 31. Nb3 Qa6 32. Qxa6 Bxa6 33. Nc5 Bc8 34. Rb1 a5
35. bxa5 Nb7 36. Na4 Nxa5 37. Nb6 Rb8 38. Rb4 Rgb7 39. Nxc8 Rxc8 40. Rxb7 Nxb7
41. Kf2 Na5 42. Rg1 Rb8 43. Re1 Kg7 44. Kg3 Kg6 45. a4 Rb3 46. Kf2 Kh5 47. Re2
Rb4 48. Re1 Rxa4 49. Re2 Nc4 50. Re1 Ra2+ 51. Re2 Nb2 52. e4 Nd3+ 53. Ke3 Rxe2+
0-1

[Event "6MCR_4D_2L_2S"]
[Site "?"]
[Date "2004.??.??"]
[Round "?"]
[White "Bultman, Milan"]
[Black "Mateka, Petr"]
[Result "0-1"]
[WhiteElo "2141"]
[BlackElo "1899"]
[PlyCount "83"]
[EventDate "2004.??.??"]
[EventType "corr"]
[SourceDate "2004.06.03"]

1. d4 Nf6 2. c4 e6 3. Nc3 Bb4 4. Qc2 O-O 5. a3 Bxc3+ 6. Qxc3 d6 7. Nf3 Nbd7 8.
g3 b6 9. Bg2 Bb7 10. O-O c5 11. dxc5 bxc5 12. b4 Qc7 13. b5 a6 14. a4 axb5 15.
cxb5 Be4 16. a5 Nd5 17. Qd2 Qb7 18. Bb2 Qxb5 19. Nd4 cxd4 20. Bxe4 e5 21. Rfb1
N7f6 22. Bf5 Qc5 23. Rc1 Qa7 24. Bh3 Rfb8 25. Bg2 Rb5 26. a6 Qb6 27. Ra2 g6 28.
a7 Rxa7 29. Rc8+ Kg7 30. Bc1 Ng8 31. Rxa7 Qxa7 32. Rc2 Qa5 33. Qxa5 Rxa5 34.
Bd2 Rb5 35. Kf1 Ngf6 36. Ke1 e4 37. Rc4 e3 38. fxe3 dxe3 39. Bc1 Rb1 40. Bxd5
Nxd5 41. Kf1 f5 42. Kg2 0-1

[Event "6MCR_4D_2L_2S"]
[Site "?"]
[Date "2004.??.??"]
[Round "?"]
[White "Bultman, Milan"]
[Black "Nedoma, Petr"]
[Result "0-1"]
[WhiteElo "2141"]
[BlackElo "2269"]
[PlyCount "110"]
[EventDate "2004.??.??"]
[EventType "corr"]
[SourceDate "2004.06.03"]

1. d4 Nf6 2. c4 e6 3. Nf3 d5 4. Nc3 Nbd7 5. Bg5 c6 6. e3 Qa5 7. Bxf6 Nxf6 8.
Be2 Bb4 9. Qb3 dxc4 10. Bxc4 O-O 11. O-O Bd6 12. Rfd1 Qh5 13. Rac1 Rd8 14. Bd3
Nd5 15. Ne4 Bc7 16. a3 Qh6 17. Qc2 a5 18. Ne5 Bd7 19. h3 Be8 20. Re1 f5 21. Nc3
Nxc3 22. Qxc3 a4 23. b4 axb3 24. Qxb3 Qf6 25. Bc4 Bxe5 26. dxe5 Qxe5 27. Qxb7
Kf8 28. Qb4+ c5 29. Qc3 Qxc3 30. Rxc3 Ke7 31. f4 Bc6 32. Bd3 Ra5 33. e4 fxe4
34. Bxe4 Bxe4 35. Rxe4 Rd4 36. Rxd4 cxd4 37. Rd3 Ra4 38. Kf2 Kd6 39. Rb3 Kd5
40. g3 Ra7 41. h4 Kc4 42. Rb6 Rxa3 43. Rxe6 Ra7 44. h5 Kc3 45. h6 g6 46. g4 Rf7
47. Rc6+ Kd2 48. Kf3 d3 49. Rd6 Kc2 50. Ke3 Re7+ 51. Kf2 Re2+ 52. Kf3 Re1 53.
Rc6+ Kd1 54. Rc4 d2 55. Kf2 Rh1 0-1

[Event "6MCR_4D_2L_2S"]
[Site "?"]
[Date "2004.??.??"]
[Round "?"]
[White "Bultman, Milan"]
[Black "Pytlik, Lesek"]
[Result "0-1"]
[WhiteElo "2141"]
[BlackElo "2348"]
[PlyCount "102"]
[EventDate "2004.??.??"]
[EventType "corr"]
[SourceDate "2004.06.03"]

1. d4 Nf6 2. c4 e6 3. Nc3 Bb4 4. Qb3 c5 5. Nf3 Nc6 6. dxc5 Ne4 7. Bd2 Nxd2 8.
Nxd2 f5 9. e3 Bxc5 10. Rd1 O-O 11. Be2 b6 12. O-O Bb7 13. Bf3 Rb8 14. a3 f4 15.
Bxc6 Bxc6 16. e4 Qe8 17. Nf3 Qh5 18. Rd2 g5 19. Ne5 g4 20. Nxc6 g3 21. Ne7+
Bxe7 22. h3 gxf2+ 23. Rfxf2 Bc5 24. Qb5 Kh8 25. b4 a6 26. Qxd7 Bxf2+ 27. Rxf2
Qe5 28. Qd3 Rbd8 29. Qf3 Rd4 30. Qe2 Rc8 31. c5 bxc5 32. Qxa6 Rb8 33. Qf1 cxb4
34. axb4 Rc8 35. Rxf4 Rxc3 36. Rf8+ Kg7 37. Re8 Rxe4 38. Re7+ Kg6 39. Qf7+ Kg5
40. Qg8+ Kf4 41. Qf8+ Ke3 42. Qf2+ Kd3 43. Rd7+ Rd4 44. Qf1+ Kc2 45. Qf2+ Kb3
46. Qxd4 Qe1+ 47. Kh2 Qg3+ 48. Kh1 Rc1+ 49. Qg1 Rxg1+ 50. Kxg1 Qe1+ 51. Kh2
Qxb4 0-1